00903 2200313 4500001002100000005001500021035002000036007000300056040001700059100003100076245009600107250001300203300003300216020002200249041000800271082001100279084001700290090002000307264003800327336002100365337003000386338002300416650001600439700003500455850001000490008004100500990002400541990002400565INLIS00000000000847020260519010534 a0010-0922000959ta aSBPUPADbind aHetti RestiantiePengarang1 aMemahami Penyakit Menular Seksual (PMS) :bMenerapkan Budaya Hidup Sehat /cHetti Restianti a.-Cet. 1 avi, 54 hlm. :bilus. ;c21cm a978-602-8712-15-607aind a616.95 a616.95 HET m a650 COR k L21-4 a.--Bandung :bPuri Pustaka,c2009 2rdacontentateks 2rdamediaatanpa perantara 2rdacarrieravolume 4aHidup Sehat0 aEditor, Edi WarsidiePengarang aPUPAD260519 0  a144/S/KAPD-PDG/2012 a143/S/KAPD-PDG/2012